| 000 | 00514nam a22001577a 4500 | ||
|---|---|---|---|
| 020 | _a9780495908982 | ||
| 082 | _a001.4 | ||
| 100 | _aJackson, Sherri L. | ||
| 245 | _aResearch methods : a modular approach | ||
| 250 | _a2nd ed. | ||
| 260 |
_aBelmont _bWadsworth/Cengage Learning _c2011 |
||
| 300 |
_axxiii, 439 p. _bill. ; _e24 cm. |
||
| 500 | _aIncludes bibliographical references (p. 427-428) and index. | ||
| 650 | _a1. Research --Psychological aspects. 2. Research --Study and teaching (Higher) | ||
| 942 | _cBK | ||
| 999 |
_c12054 _d12054 |
||